000 00313nam a22001337a 4500
008 170329b xxu||||| |||| 00| 0 eng d
020 _a0721693296
041 _aeng
080 _25ED
_a616-053.2
100 _a8
101 _aSHM
245 _aTEXBOOK PEDIATRIC INFECTIOUS DISEASES
_cFEIGIN.R.D
942 _2udc
_cBK
999 _c9036
_d9036